00350nam a2200109Ia 4500008004000000082001800040100004500058245005000103260005200153300001200205650002300217210210b1980 xxu||||| |||| 00| 0 eng d a375.6137 KRIE aKRISHNAMURTHY (V) & RAM (N Parameswara). aEducational dimensions of physical education. aNew Delhi.bSterling Publishers Pvt Ltd.,c1980 axvi,249 aPhysical education